| 000 | 03684nam0a2200373 4500 | ||
|---|---|---|---|
| 001 | RU\NLR\BIBL_A\012887986 | ||
| 005 | 20221220162426.0 | ||
| 010 |
_a978-5-00175-132-8 _930 |
||
| 021 |
_aRU _bКН-П-22-046674 _9КН-П-22-4028 |
||
| 035 | _a(NLR Aleph) 012887986 | ||
| 035 | _a(RuMoRGB)011145815 | ||
| 090 |
_a12541710 _c12541710 |
||
| 100 | _a20220914d2022 u y0rusy50 ca | ||
| 101 | 0 | _arus | |
| 102 | _aRU | ||
| 105 | _aa j 000zy | ||
| 181 | 0 |
_ai3 _baxxe |
|
| 182 | 0 | _an | |
| 200 | 1 |
_aСовременные методы научных исследований _eучебное пособие _eдля магистрантов, обучающихся по направлению 38.04.04 "Государственное и муниципальное управление", изучающих дисциплину "Современные методы научных исследований" _fН. Г. Пахомова, О. Н. Митрофанова _gМинистерство науки и высшего образования Российской Федерации, Федеральное государственное бюджетное образовательное учреждение высшего образования "Липецкий государственный технический университет" |
|
| 203 |
_aТекст _bвизуальный _cнепосредственный |
||
| 210 |
_aЛипецк _cЛипецкий государственный технический университет _d2022 |
||
| 215 |
_a84 с. _cил. _d21 |
||
| 320 | _aБиблиогр.: с. 83-84 (8 назв.) | ||
| 330 | _aКурс "Современные методы научных исследований" предназначен для ознакомления магистрантов с основными этапами проведения научного исследования, приемами и методами сбора, систематизации, анализа научной информации. Его основная задача - дать представление о методическом научном аппарате исследования, научить применять его в научно-исследовательской деятельности. Учебное пособие предназначено для магистрантов, обучающихся по направлению 38.04.04 "Государственное и муниципальное управление", изучающих дисциплину "Современные методы научных исследований". Пособие может быть использовано при подготовке к практическим занятиям, атакже при написании выпускных квалификационных работ | ||
| 606 |
_aНаучно-исследовательская работа _jУчебные издания для высших учебных заведений _xМетодология _91679593 _3RU\NLR\AUTH\66745625 |
||
| 606 | 1 |
_aНаучные исследования _jУчебные издания для высших учебных заведений _xМетоды _92482813 _3RU\NLR\AUTH\6601690250 |
|
| 686 | 1 | _aЮ251.51я73 | |
| 686 | 1 | _aЧ215.31я73 | |
| 700 | 1 |
_aПахомова _bН. Г. _gНаталья Георгиевна |
|
| 701 | 1 |
_aМитрофанова _bО. Н. _gОльга Николаевна |
|
| 942 | _cBOOK | ||
| 980 | _aNB | ||